Stratégia uvedenia nového výrobku na trh diplomová práca

Gespeichert in:
Bibliographische Detailangaben
1. Verfasser: Baďurová, Katarína
Körperschaft: Obchodná fakulta EU. Katedra tovaroznalectva a kvality tovaru
Weitere Verfasser: Knošková, Ľubica, 1965-
Format: Buch
Sprache:Slowakisch
Veröffentlicht: Bratislava 2014
Tags: Tag hinzufügen
Keine Tags, Fügen Sie das erste Tag hinzu!

MARC

LEADER 00000nbm a2200000 4500
001 0193711
005 20161212103108.1
041 0 |a slo 
044 |a SK 
245 1 0 |a Stratégia uvedenia nového výrobku na trh  |b diplomová práca  |c Katarína Baďurová ; školiteľ: Ľubica Knošková 
264 1 |a Bratislava  |c 2014 
300 |a 72 s. 
100 1 |a Baďurová, Katarína 
700 1 |a Knošková, Ľubica, 1965- 
710 2 |a Obchodná fakulta EU. Katedra tovaroznalectva a kvality tovaru